Quantitative economic history /

Guardado en:
Otros Autores: Crafts, N. F. R. (Editor ), Dimsdale, Nicholas H. (Editor ), Engerman, Stanley L. (Editor )
Formato: Libro
Idioma:English
Publicado: Oxford [England] : New York : Clarendon ; Oxford University Press, 1991.
Materias:
Acceso en línea:Publisher description
Etiquetas: Agregar Etiqueta
Sin Etiquetas, Sea el primero en etiquetar este registro!
LEADER 02288pam a2200313 a 4500
001 EEO.eeo001060
008 901217r19911987enk####g#b####000#0#eng##
005 20101006105924.0
245 0 0 |a Quantitative economic history /  |c edited by N.F.R. Crafts, N.H. Dimsdale, and S. Engerman. 
260 |a Oxford [England] :  |b Clarendon ;  |a New York :  |b Oxford University Press,  |c 1991. 
300 |a 251 p. ;  |c 23 cm. 
500 |a Colección de artículos previamente publicados en Oxford economic papers en diciembre 1987 y diciembre 1988. 
504 |a Incluye referencias bibliográficas. 
505 0 |a Unemployment in interwar britain : dole or doldrums? / Eichengreen, Barry J. -- Intercountry labour mobility during the industrial revolution : evidence from australian transportation records / Nicholas, Stephen, 1946- ; Shergold, Peter R., 1946- -- Did english factor markets fail during the industrial revolution? / Williamson, Jeffrey G., 1935- -- Sliding scales and conciliation boards : risk sharing in the late 19th century british coal industry / Treble, John G. -- Natural monopoly and railway policy in the nineteenth century / Foreman-Peck, James -- The costs of public and private gas enterprises in late 19 th century britain / Millward, Robert ; Ward, Robert -- Technology, productivity, and profits : british-american whaling competition in the north atlantic, 1816-1842 / Davis, L. E. ; Gallman, Robert E. ; Hutchins, Teresa D. (Teresa Dunn) -- Female labour force participation in interwar britain / Hatton, T. J. ; Bailey, Roy E. -- Price and exchange rate determination during the greenback suspension / Calomiris, Charles W. -- Banking panics and business cycles / Gorton, Gary -- 
020 |a 0198283105 
700 1 |a Crafts, N. F. R.  |4 edt 
700 1 |a Dimsdale, Nicholas H.  |4 edt 
700 1 |a Engerman, Stanley L.  |4 edt 
043 |a e-uk--- 
082 0 0 |a 330.9  |2 20 
650 7 |a Historia económica.  |2 Isoc 
650 7 |a Modelo econométrico.  |2 Isoc 
650 7 |a Desempleo.  |2 Isoc 
650 7 |a Mercado de trabajo.  |2 Isoc 
010 |a  90028244  
040 |a DLC  |c DLC  |d DLC 
050 0 0 |a HC255  |b .Q36 1991 
856 4 2 |3 Publisher description  |u http://www.loc.gov/catdir/enhancements/fy0640/90028244-d.html 
859 |a AR-BaUEB  |b BIB. ECONOMIA - General  |h 330.09  |i C842  |p e08587